Statistics for City by Hindu Temple

Click here to take the quiz!

General Stats

  • This quiz has been taken 15 times
  • The average score is 3 of 16

Answer Stats

Answer% Correct
Chennai
87%
Dhaka
40%
Georgetown
33%
Kathmandu
33%
Yangon
27%
Melbourne
20%
Nairobi
13%
Toronto
13%
Bradford
7%
Medan
7%
Nadi
7%
Peshawar
7%
Tampa
7%
Matale
0%
Phan Rang–Tháp Chàm
0%
Seberang Perai
0%

Score Distribution

Percentile by Number Answered

Percent of People with Each Score

Your Score History

You have not taken this quiz